[Event "TOP 16 B group"]
[Site "BELFORT"]
[Date "????.??.??"]
[Round "5.20"]
[White "Hamdouchi, Hicham"]
[Black "Barbaras, Mathieu"]
[Result "1-0"]
[WhiteElo "2525"]
[BlackElo "2277"]
[PlyCount "75"]
[EventDate "2025.05.??"]
[WhiteTeam "CLICHY"]
[BlackTeam "BISCHWILLER"]
[WhiteTeamCountry "FRA"]
[BlackTeamCountry "FRA"]

1. e4 Nf6 2. e5 Nd5 3. d4 d6 4. c4 Nb6 5. exd6 cxd6 6. Nc3 g6 7. Be3 Bg7 8. Qd2
Nc6 9. d5 Ne5 10. b3 O-O 11. Be2 Ng4 12. Bxg4 Bxg4 13. h3 Bf5 14. Nge2 e5 15.
dxe6 Bxe6 16. Rd1 Re8 17. O-O Nd7 18. Nb5 Ne5 19. Nf4 Re7 20. Nxd6 Rd7 21. Nxe6
fxe6 22. c5 Qh4 23. Qe2 Rf8 24. f4 Nc6 25. Nf5 Qd8 26. Nxg7 Kxg7 27. b4 a6 28.
a4 Rf5 29. Rxd7+ Qxd7 30. Rd1 Rd5 31. Rxd5 Qxd5 32. b5 axb5 33. axb5 Ne7 34.
Qb2+ Kg8 35. c6 Nf5 36. Bf2 Nd6 37. c7 b6 38. Qf6 1-0

[Event "TOP 16 B group"]
[Site "BELFORT"]
[Date "????.??.??"]
[Round "5.21"]
[White "Ernst, Luca"]
[Black "Shoker, Samy"]
[Result "1-0"]
[WhiteElo "2222"]
[BlackElo "2456"]
[PlyCount "127"]
[EventDate "2025.05.??"]
[WhiteTeam "BISCHWILLER"]
[BlackTeam "CLICHY"]
[WhiteTeamCountry "FRA"]
[BlackTeamCountry "FRA"]

1. e4 g6 2. d4 Bg7 3. Nf3 d6 4. Bd3 c5 5. Bb5+ Nc6 6. c3 Qa5 7. Qa4 Qxa4 8.
Bxa4 cxd4 9. cxd4 Bd7 10. Be3 Nf6 11. Bxc6 bxc6 12. Nc3 Rb8 13. b3 c5 14. h3
Bc6 15. Rc1 Nxe4 16. Nxe4 Bxe4 17. dxc5 Bb2 18. Rd1 dxc5 19. Bxc5 Bc2 20. Rd2
Bc3 21. Bd4 Bxd4 22. Nxd4 Be4 23. f3 Bb7 24. Kf2 O-O 25. Rc1 Rfd8 26. Ke3 Rd6
27. Rc7 Kf8 28. Ne2 Re6+ 29. Kf2 Ke8 30. Rdd7 Bc8 31. Rd3 a5 32. Ra7 Ra6 33.
Rdd7 Rxa7 34. Rxa7 Rb5 35. Ke3 Rc5 36. Kd2 h5 37. Nc3 h4 38. Ne4 Rd5+ 39. Ke3
Kd8 40. f4 f6 41. Nd2 e5 42. Nc4 exf4+ 43. Kxf4 Rf5+ 44. Ke3 Rg5 45. Kf2 Rf5+
46. Kg1 Rd5 47. Rxa5 Rd1+ 48. Kf2 Bb7 49. Ra7 Kc8 50. Ke2 Rd4 51. Ra4 Kc7 52.
Ne3 Rxa4 53. bxa4 Kd6 54. Kf2 f5 55. Nc4+ Ke6 56. Nd2 g5 57. Nf3 Kf6 58. a5 Kg6
59. Ne5+ Kh5 60. Nc4 Ba6 61. Nd6 Kg6 62. Ne8 g4 63. Nc7 g3+ 64. Kg1 1-0

[Event "TOP 16 B group"]
[Site "BELFORT"]
[Date "????.??.??"]
[Round "5.22"]
[White "Delorme, Axel"]
[Black "Strasser, Rouben"]
[Result "1-0"]
[WhiteElo "2475"]
[BlackElo "2127"]
[PlyCount "77"]
[EventDate "2025.05.??"]
[WhiteTeam "CLICHY"]
[BlackTeam "BISCHWILLER"]
[WhiteTeamCountry "FRA"]
[BlackTeamCountry "FRA"]

1. e4 c5 2. Nf3 e6 3. c3 d5 4. e5 d4 5. d3 Nc6 6. g3 Nge7 7. Bg2 Ng6 8. Qe2 Be7
9. O-O O-O 10. h4 f6 11. exf6 gxf6 12. h5 Nge5 13. Nxe5 Nxe5 14. Bh6 Rf7 15. c4
Bf8 16. Bxf8 Qxf8 17. Nd2 Nc6 18. Bxc6 bxc6 19. f4 Bd7 20. Rf2 Kh8 21. Raf1 Qe7
22. Rg2 Rg8 23. Rff2 Rfg7 24. g4 h6 25. Kf1 f5 26. Qe5 Kh7 27. gxf5 exf5 28.
Rxg7+ Rxg7 29. Qxe7 Rxe7 30. Re2 Rf7 31. Nb3 Kg7 32. Nxc5 Kf6 33. Rg2 Be8 34.
Rg6+ Ke7 35. Re6+ Kf8 36. Rxh6 Re7 37. Rf6+ Kg7 38. Rxf5 Re3 39. Re5 1-0

[Event "TOP 16 B group"]
[Site "BELFORT"]
[Date "????.??.??"]
[Round "5.23"]
[White "Tavernier, Loris"]
[Black "Belkaid, Sohan"]
[Result "1-0"]
[WhiteElo "2065"]
[BlackElo "2348"]
[PlyCount "205"]
[EventDate "2025.05.??"]
[WhiteTeam "BISCHWILLER"]
[BlackTeam "CLICHY"]
[WhiteTeamCountry "FRA"]
[BlackTeamCountry "FRA"]

1. d4 d5 2. c4 e6 3. Nc3 a6 4. cxd5 exd5 5. Bf4 Nf6 6. e3 c5 7. dxc5 Bxc5 8.
Nf3 Nc6 9. Be2 O-O 10. O-O Be6 11. Rc1 Rc8 12. a3 d4 13. Na4 Ba7 14. exd4 Nxd4
15. Nxd4 Qxd4 16. Qxd4 Bxd4 17. Rxc8 Rxc8 18. Rd1 Ba7 19. Nc3 h6 20. Bf3 b5 21.
Bg3 Re8 22. Bc6 Bd7 23. Bxd7 Nxd7 24. Kf1 Nb6 25. b3 Rc8 26. Rd3 Rc6 27. Ke2
Nc8 28. Nd5 Kh7 29. Rc3 Re6+ 30. Kd3 Nb6 31. Nc7 Rf6 32. Ne8 Re6 33. Nc7 Rg6
34. Rc1 Nd7 35. b4 Bb8 36. Kd4 Ba7+ 37. Kd3 h5 38. Re1 h4 39. Bxh4 Rd6+ 40. Ke2
Bb8 41. Bg3 Rc6 42. Nd5 Be5 43. Rd1 Bb2 44. Rd3 Nf8 45. Bf4 Ng6 46. Bd2 Rc4 47.
Rb3 Bd4 48. f4 Kg8 49. g3 f5 50. Rd3 Kf7 51. Be3 Bf6 52. Nxf6 Kxf6 53. Rd6+ Kf7
54. Rxa6 Ne7 55. Ra7 Ke6 56. Bc5 Nd5 57. Rxg7 Rc2+ 58. Kd3 Rxh2 59. Rg6+ Kf7
60. Rd6 Nf6 61. Kd4 Ne4 62. Rd7+ Kf6 63. Rb7 Rd2+ 64. Ke3 Ra2 65. Bd4+ Ke6 66.
Rxb5 Rxa3+ 67. Ke2 Nxg3+ 68. Kd2 Kd6 69. Be5+ Kc6 70. Rb8 Nf1+ 71. Ke2 Ng3+ 72.
Kd1 Ne4 73. Kc2 Kd7 74. Kb2 Rd3 75. Rb6 Rf3 76. Rh6 Kc8 77. b5 Nd2 78. Kc2 Nb3
79. Rh7 Na5 80. b6 Rf2+ 81. Kc3 Rf3+ 82. Kc2 Rf2+ 83. Kd3 Rf3+ 84. Ke2 Rb3 85.
Rc7+ Kd8 86. Rc5 Nb7 87. Bc7+ Kd7 88. Rxf5 Kc6 89. Re5 Nc5 90. f5 Nd7 91. Re6+
Kb7 92. Rd6 Kc8 93. Rd5 Nf6 94. Rd8+ Kb7 95. Rb8+ Kc6 96. Rh8 Ng4 97. Rg8 Re3+
98. Kd2 Re4 99. Rg6+ Kd7 100. Bg3 Kc8 101. Rg7 Rb4 102. b7+ Rxb7 103. Rxg4 1-0

[Event "TOP 16 B group"]
[Site "BELFORT"]
[Date "????.??.??"]
[Round "5.24"]
[White "Broly, Mathilde"]
[Black "Bellahcene, Sofia"]
[Result "1/2-1/2"]
[WhiteElo "2077"]
[BlackElo "2094"]
[PlyCount "35"]
[EventDate "2025.05.??"]
[WhiteTeam "CLICHY"]
[BlackTeam "BISCHWILLER"]
[WhiteTeamCountry "FRA"]
[BlackTeamCountry "FRA"]

1. c4 e6 2. Nf3 Nf6 3. g3 d5 4. Bg2 Be7 5. O-O O-O 6. b3 d4 7. Bb2 Nc6 8. Na3
e5 9. d3 Bf5 10. Nc2 a5 11. a3 Nd7 12. Rb1 Bg6 13. Ba1 f5 14. b4 axb4 15. axb4
Bf6 16. Nd2 Qe7 17. b5 Nd8 18. Bb2 1/2-1/2

[Event "TOP 16 B group"]
[Site "BELFORT"]
[Date "????.??.??"]
[Round "5.25"]
[White "Donchenko, Alexander"]
[Black "Aryan Chopra"]
[Result "1/2-1/2"]
[WhiteElo "2615"]
[BlackElo "2620"]
[PlyCount "113"]
[EventDate "2025.05.??"]
[WhiteTeam "VANDOEUVRE"]
[BlackTeam "GRASSE"]
[WhiteTeamCountry "FRA"]
[BlackTeamCountry "FRA"]

1. d4 d5 2. c4 c6 3. Nf3 Nf6 4. e3 Bf5 5. Nc3 e6 6. Nh4 Be4 7. f3 Bg6 8. Qb3
Qc7 9. Bd2 Be7 10. O-O-O dxc4 11. Bxc4 b5 12. Be2 a6 13. Nxg6 hxg6 14. Ne4 Nxe4
15. fxe4 c5 16. Kb1 Nc6 17. d5 exd5 18. exd5 Ne5 19. h4 Bd6 20. g4 O-O-O 21. e4
Kb8 22. Qe3 Rhe8 23. h5 c4 24. Bc3 gxh5 25. gxh5 f5 26. exf5 b4 27. Bd4 Nc6 28.
Qf3 Nxd4 29. Rxd4 c3 30. Rc4 Qe7 31. Bd3 Qe3 32. Qxe3 Re7 33. Qe4 Rxe4 34. Re1
Re3 35. Rd1 cxb2 36. Kxb2 Be5+ 37. Kc2 Rxd5 38. Rxb4+ Ka7 39. a4 Rc5+ 40. Kb1
Rd5 41. Be2 Rd6 42. Rxd6 Bxd6 43. Rd4 Rxe2 44. Rxd6 Rh2 45. a5 Rxh5 46. Rd7+
Kb8 47. Rf7 Kc8 48. Kc2 Kd8 49. Kc3 Ke8 50. Rxg7 Rxf5 51. Kb4 Kd8 52. Rg6 Kc7
53. Rxa6 Rf4+ 54. Kb5 Rf5+ 55. Kb4 Rf4+ 56. Kb5 Rf5+ 57. Kb4 1/2-1/2

[Event "TOP 16 B group"]
[Site "BELFORT"]
[Date "????.??.??"]
[Round "5.26"]
[White "Pranav, V."]
[Black "Solodovnichenko, Yuri"]
[Result "1/2-1/2"]
[WhiteElo "2621"]
[BlackElo "2511"]
[PlyCount "94"]
[EventDate "2025.05.??"]
[WhiteTeam "GRASSE"]
[BlackTeam "VANDOEUVRE"]
[WhiteTeamCountry "FRA"]
[BlackTeamCountry "FRA"]

1. Nf3 d5 2. g3 Nf6 3. Bg2 c6 4. O-O Bg4 5. d4 e6 6. h3 Bh5 7. c4 Be7 8. Nc3
O-O 9. Ne5 Nfd7 10. Nd3 dxc4 11. Nf4 Bg6 12. h4 e5 13. dxe5 Nxe5 14. Bh3 h5 15.
Nxg6 Nxg6 16. Qc2 Qc7 17. Qe4 Nd7 18. Qxc4 Nb6 19. Qb3 Rad8 20. Bf5 Ne5 21. Bf4
Nd5 22. Nxd5 Rxd5 23. Rad1 Rfd8 24. Rxd5 Rxd5 25. Be4 Rb5 26. Qc3 Qa5 27. Qxa5
Rxa5 28. Rd1 g6 29. a3 Bf6 30. Bd2 Rb5 31. Bc3 Ng4 32. Bd3 Rd5 33. Bxf6 Nxf6
34. f3 Nd7 35. Kf2 Ne5 36. Rd2 Kg7 37. Ke3 Kf6 38. Rc2 Nxd3 39. exd3 Re5+ 40.
Kd2 Rf5 41. Ke3 Re5+ 42. Kd2 Ke6 43. Rc4 Kd6 44. Rd4+ Rd5 45. Re4 Re5 46. Rd4+
Rd5 47. Re4 Re5 1/2-1/2

[Event "TOP 16 B group"]
[Site "BELFORT"]
[Date "????.??.??"]
[Round "5.27"]
[White "Fridman, Daniel"]
[Black "Lupulescu, Constantin"]
[Result "1/2-1/2"]
[WhiteElo "2584"]
[BlackElo "2574"]
[PlyCount "34"]
[EventDate "2025.05.??"]
[WhiteTeam "VANDOEUVRE"]
[BlackTeam "GRASSE"]
[WhiteTeamCountry "FRA"]
[BlackTeamCountry "FRA"]

1. d4 Nf6 2. Nf3 d5 3. c4 e6 4. g3 dxc4 5. Bg2 c5 6. O-O Nc6 7. dxc5 Qxd1 8.
Rxd1 Bxc5 9. Nbd2 c3 10. bxc3 O-O 11. Nb3 Be7 12. c4 Bd7 13. Be3 Rac8 14. Nfd4
Nxd4 15. Bxd4 b6 16. Rac1 Ba4 17. Bb7 Rc7 1/2-1/2

[Event "TOP 16 B group"]
[Site "BELFORT"]
[Date "????.??.??"]
[Round "5.28"]
[White "Demuth, Adrien"]
[Black "Nezar, Mustapha"]
[Result "1-0"]
[WhiteElo "2524"]
[BlackElo "2324"]
[PlyCount "123"]
[EventDate "2025.05.??"]
[WhiteTeam "GRASSE"]
[BlackTeam "VANDOEUVRE"]
[WhiteTeamCountry "FRA"]
[BlackTeamCountry "FRA"]

1. g3 g6 2. Bg2 Bg7 3. d4 d5 4. Nf3 Nf6 5. O-O O-O 6. c4 c6 7. a4 Na6 8. Nc3
dxc4 9. a5 Ne8 10. e4 Bg4 11. Be3 b5 12. axb6 axb6 13. h3 Bxf3 14. Bxf3 Nec7
15. d5 cxd5 16. exd5 Rb8 17. Bf4 Re8 18. Re1 Nc5 19. Ra7 Rc8 20. Bg4 f5 21. Be2
b5 22. Rxc7 Rxc7 23. Bxc7 Qxc7 24. Nxb5 Qb6 25. Bxc4 Ne4 26. Qf3 Kh8 27. b3 Qc5
28. Kg2 Rb8 29. Qe2 Bf6 30. f3 Nd6 31. Nxd6 Qxd6 32. Qe6 Qxe6 33. Rxe6 Kg7 34.
f4 Ra8 35. g4 fxg4 36. hxg4 g5 37. f5 Ra2+ 38. Kf3 Rb2 39. d6 exd6 40. Rxd6 Be7
41. Rc6 Rb1 42. Rc7 Kf6 43. Rc6+ Kg7 44. Re6 Bf6 45. Re8 Rd1 46. Rg8+ Kh6 47.
Rf8 Rd6 48. Rf7 Bc3 49. Rb7 Rd8 50. b4 Bf6 51. b5 Rc8 52. Be6 Ra8 53. Rf7 Be5
54. b6 Ra4 55. Rd7 Rf4+ 56. Ke2 Re4+ 57. Kf3 Rf4+ 58. Ke2 Re4+ 59. Kd3 Rxg4 60.
f6 Rb4 61. f7 Bg7 62. b7 1-0

[Event "TOP 16 B group"]
[Site "BELFORT"]
[Date "????.??.??"]
[Round "5.29"]
[White "Savina, Anastasia"]
[Black "Wirig, Anthony"]
[Result "1/2-1/2"]
[WhiteElo "2332"]
[BlackElo "2438"]
[PlyCount "97"]
[EventDate "2025.05.??"]
[WhiteTeam "VANDOEUVRE"]
[BlackTeam "GRASSE"]
[WhiteTeamCountry "FRA"]
[BlackTeamCountry "FRA"]

1. d4 Nf6 2. c4 e6 3. Nc3 d5 4. Bg5 Be7 5. cxd5 exd5 6. e3 c6 7. Bd3 Nbd7 8.
Nf3 Nh5 9. Bxe7 Qxe7 10. O-O O-O 11. Ne5 g6 12. f4 Nxe5 13. fxe5 f6 14. Be2
fxe5 15. Rxf8+ Qxf8 16. Bxh5 exd4 17. Nxd5 cxd5 18. Bf3 dxe3 19. Bxd5+ Kh8 20.
Qd4+ Qg7 21. Qxg7+ Kxg7 22. Re1 Bf5 23. Rxe3 Kf6 24. Ra3 Rd8 25. Bxb7 Rd1+ 26.
Kf2 Rd2+ 27. Ke3 Rxb2 28. Rxa7 h5 29. a4 h4 30. h3 Ke5 31. Ra5+ Kd6 32. Bf3 Rb4
33. Rd5+ Ke6 34. Rd4 Rb3+ 35. Kf4 Ra3 36. Kg5 Bxh3 37. Re4+ Kd6 38. gxh3 Rxf3
39. Rxh4 Rg3+ 40. Kf4 Ra3 41. Kg5 Rg3+ 42. Kf6 Kc5 43. Ke6 Kb6 44. Ke5 g5 45.
Rh8 Ka5 46. Ra8+ Kb6 47. a5+ Kb7 48. Rh8 Ka6 49. Rh5 1/2-1/2

[Event "TOP 16 B group"]
[Site "BELFORT"]
[Date "????.??.??"]
[Round "5.30"]
[White "Sochacki, Christophe"]
[Black "Brunner, Nicolas"]
[Result "1-0"]
[WhiteElo "2458"]
[BlackElo "2423"]
[PlyCount "73"]
[EventDate "2025.05.??"]
[WhiteTeam "GRASSE"]
[BlackTeam "VANDOEUVRE"]
[WhiteTeamCountry "FRA"]
[BlackTeamCountry "FRA"]

1. e4 c5 2. Nc3 d6 3. f4 Nc6 4. Nf3 g6 5. Bb5 Bd7 6. Bxc6 Bxc6 7. O-O Bg7 8. d3
b5 9. Qe1 b4 10. Nd1 Nf6 11. Bd2 O-O 12. Qh4 e6 13. a3 a5 14. f5 exf5 15. exf5
Nd7 16. Qh3 Bxf3 17. Qxf3 Nb6 18. f6 Bh8 19. g4 Re8 20. g5 h6 21. h4 Re5 22.
Nf2 Rf5 23. Qg2 Qd7 24. axb4 cxb4 25. Be3 Nd5 26. Ng4 Kh7 27. Nxh6 Rxf1+ 28.
Rxf1 Qe6 29. Bd2 Re8 30. Re1 Qxe1+ 31. Bxe1 Rxe1+ 32. Kh2 Nxf6 33. gxf6 Bxf6
34. Qf2 Rc1 35. Qxf6 Rxc2+ 36. Kg3 Kxh6 37. Qh8# 1-0

[Event "TOP 16 B group"]
[Site "BELFORT"]
[Date "????.??.??"]
[Round "5.31"]
[White "Pourquet, Matthieu"]
[Black "Milliet, Sophie"]
[Result "1/2-1/2"]
[WhiteElo "2298"]
[BlackElo "2364"]
[PlyCount "47"]
[EventDate "2025.05.??"]
[WhiteTeam "VANDOEUVRE"]
[BlackTeam "GRASSE"]
[WhiteTeamCountry "FRA"]
[BlackTeamCountry "FRA"]

1. c4 e6 2. g3 d5 3. Bg2 d4 4. Nf3 Nc6 5. O-O Bc5 6. b3 Nge7 7. Ba3 Bxa3 8.
Nxa3 O-O 9. d3 Nf5 10. Nc2 a5 11. a3 e5 12. b4 f6 13. b5 Nce7 14. e3 c5 15.
exd4 exd4 16. Nce1 Ra7 17. Ra2 b6 18. Re2 Ng6 19. Nd2 Nd6 20. Bd5+ Kh8 21. a4
Bg4 22. Bf3 Bxf3 23. Nexf3 Re8 24. Rfe1 1/2-1/2

[Event "TOP 16 B group"]
[Site "BELFORT"]
[Date "????.??.??"]
[Round "5.32"]
[White "Loiseau, Quentin"]
[Black "Decuigniere, Tom"]
[Result "1/2-1/2"]
[WhiteElo "2400"]
[BlackElo "2366"]
[PlyCount "90"]
[EventDate "2025.05.??"]
[WhiteTeam "GRASSE"]
[BlackTeam "VANDOEUVRE"]
[WhiteTeamCountry "FRA"]
[BlackTeamCountry "FRA"]

1. Nf3 d5 2. g3 Nf6 3. Bg2 e6 4. d4 Be7 5. O-O O-O 6. c4 dxc4 7. Qc2 a6 8. a4
Bd7 9. Qxc4 Bc6 10. Bg5 Nbd7 11. Nc3 a5 12. Rfe1 Bd5 13. Qd3 Bxf3 14. Bxf3 c6
15. Rad1 h6 16. Bxf6 Nxf6 17. e4 Qb6 18. e5 Nd5 19. Bxd5 cxd5 20. Nb5 Rfc8 21.
Re2 Rc6 22. Kg2 Rac8 23. h4 Rc1 24. Rxc1 Rxc1 25. Rc2 Rxc2 26. Qxc2 Qd8 27. h5
Bf8 28. f4 Bb4 29. Kf3 Qd7 30. Ke2 Qe8 31. Kd1 f5 32. Qe2 Qc8 33. b3 Qe8 34. g4
fxg4 35. Qxg4 Qf7 36. Ke2 Qd7 37. Qg6 Kh8 38. Kd1 Qe7 39. Qg4 Qf7 40. Ke2 Qd7
41. Kd3 Qc8 42. Qg1 Qf8 43. Qg4 Qc8 44. Qg1 Qf8 45. Qg4 Qe7 1/2-1/2